000 01639nam a2200337 a 4500
003 AR-BaBN
005 20260629162656.0
007 ta
008 180604s2020 ag ado |r 00| 0 spa d
020 _a9789500125000
040 _aAR-BaBN
_bspa
_cAR-RoUNCS
245 0 0 _aCiudadanía 2 ES :
_bformación ética y ciudadana : el Estado, la constitución nacional, ciudadanía política, convivencia /
_cMaría Martina Sosa ... [et al.].
260 _aSan Isidro :
_bEstrada,
_cc2020.
300 _a143 p. :
_bil. col., diagrs., fot., tablas ;
_c28 cm. +
_e1 cuadernillo de actividades (32 p. ; 24 cm.)
490 0 _aNuevo Huellas
505 2 _aBloque I: Estado, gobierno y participación -- 1. Poder y poder político -- 2. El Estado -- 3. La Constitución nacional -- 4. Federalismo y autonomías provinciales -- 5. Ciudadanía y participación -- Bloque II: Derechos -- 6. Los derechos hoy -- 7. Garantías -- Bloque III: Igualdad y diferencias -- 8. Diferencias y desigualdades -- 9. La discriminación -- Bloque IV: El cuidado de uno mismo y de los otros -- 10. Convivencia y conflictos en los vínculos sociales.
521 2 _aSegundo año de Educación Secundaria.
650 7 _aEducación cívica
_2embne
655 7 _aLibros de texto
_2embne
700 1 _aSosa, María Martina
700 1 _aYounis Moreno, María Eugenia
700 1 _aHurrell, Silvia
700 1 _aStella, María Elena
700 1 _aMarrone, Irene
700 1 _aRamírez Llorens, Fernando,
_d1974-
700 1 _aMarrone, Laura Enda
700 1 _aPierri, Carla
700 1 _aRiveros, Brenda
700 1 _aRojtenberg, Carolina
942 _2udc
_cOG
_n0
999 _c1040
_d1040